000 00544nam a2200217Ia 4500
003 OSt
005 20220928143913.0
006 a|||||r|||| 00| 0
007 ta
008 220927b |||||||| |||| 00| 0 eng d
024 _a23324
037 _cTextual
040 _aSDCL
_cSDCL
_beng
041 _2eng
_aeng
082 _aG:424-5, N7
100 _aTewari J P Ed.
_9461659
245 0 _aNew approaches in microbial ecology.
260 _c1997
942 _hG:424-5, N7
_cTEXL
_2CC
999 _c825270
_d825270